ბათუმის შოთა რუსთაველის სახელმწიფო უნივერსიტეტის ბიბლიოთეკა

Empire "V" [Повесть о настоящем сверхчеловеке] (ბიბ.ჩანაწერი № 45372)

000 -LEADER
fixed length control field 00621nam a2200229Ia 4500
001 - CONTROL NUMBER
control field 12196
003 - CONTROL NUMBER IDENTIFIER
control field GE_BSU
008 - FIXED-LENGTH DATA ELEMENTS--GENERAL INFORMATION
fixed length control field 181216s||||||||xx |||||||||||||| ||und||
020 ## - INTERNATIONAL STANDARD BOOK NUMBER
International Standard Book Number 9785699424207
040 ## - CATALOGING SOURCE
Transcribing agency GE_BSU
080 ## - UNIVERSAL DECIMAL CLASSIFICATION NUMBER
Universal Decimal Classification number 821.161.1-3
100 ## - MAIN ENTRY--PERSONAL NAME
Personal name Пелевин,Виктор
245 ## - TITLE STATEMENT
Title Empire "V" [Повесть о настоящем сверхчеловеке]
260 ## - PUBLICATION, DISTRIBUTION, ETC.
Place of publication, distribution, etc. Москва
260 ## - PUBLICATION, DISTRIBUTION, ETC.
Name of publisher, distributor, etc. Эксмо
260 ## - PUBLICATION, DISTRIBUTION, ETC.
Date of publication, distribution, etc. 2014
300 ## - PHYSICAL DESCRIPTION
Extent 416стр.18см.
653 ## - INDEX TERM--UNCONTROLLED
Uncontrolled term Empire "V
653 ## - INDEX TERM--UNCONTROLLED
Uncontrolled term Повесть о настоящем сверхчеловеке
942 ## - ADDED ENTRY ELEMENTS (KOHA)
Koha item type წიგნი
ეგზემპლარები
Withdrawn status Lost status Damaged status Not for loan Date acquired Barcode Date last seen Price effective from Koha item type
        2018-12-17 36062 2018-12-17 2018-12-17 წიგნი
        2018-12-17 36063 2018-12-17 2018-12-17 წიგნი